Word Scramble 4-Letter AEIOU-words - Statistics

General Stats
  • This quiz has been taken 12 times
  • The average score is 9 of 12
Answer Stats
Answer % Correct
adds
100%
afar
100%
aims
100%
airy
100%
alas
100%
also
100%
alto
100%
ammo
100%
anew
100%
anti
100%
apex
100%
apps
100%
arcs
100%
arid
100%
atom
100%
auto
100%
avid
100%
away
100%
axes
100%
axle
100%
ears
100%
ease
100%
east
100%
echo
100%
eddy
100%
edge
100%
edgy
100%
edit
100%
eels
100%
envy
100%
epee
100%
ergo
100%
errs
100%
even
100%
evil
100%
ewes
100%
exam
100%
eyed
100%
iced
100%
icon
100%
idea
100%
ides
100%
idle
100%
ions
100%
iris
100%
itch
100%
item
100%
obey
100%
obit
100%
odds
100%
oink
100%
okra
100%
omen
100%
once
100%
ones
100%
onus
100%
oops
100%
ooze
100%
open
100%
orca
100%
oval
100%
oven
100%
over
100%
ovum
100%
owls
100%
owns
100%
ugly
100%
umps
100%
unit
100%
upon
100%
urea
100%
urns
100%
used
100%
Utes
100%
apes
67%
army
67%
aide
50%
akin
50%
aloe
50%
emit
50%
idol
50%
info
50%
oaks
50%
oust
50%
oxen
50%
able
33%
ally
33%
eave
33%
aces
0%
ache
0%
acid
0%
acne
0%
acre
0%
aged
0%
ages
0%
ahem
0%
airs
0%
amen
0%
amor
0%
amps
0%
anon
0%
ante
0%
ants
0%
aqua
0%
arch
0%
area
0%
aria
0%
arms
0%
arts
0%
asks
0%
atop
0%
aunt
0%
aura
0%
axel
0%
axis
0%
each
0%
earn
0%
easy
0%
eats
0%
ebbs
0%
elan
0%
else
0%
emir
0%
ends
0%
eons
0%
epic
0%
etch
0%
euro
0%
ever
0%
exec
0%
exit
0%
eyes
0%
ibex
0%
ices
0%
icky
0%
idly
0%
iffy
0%
imps
0%
Inca
0%
inch
0%
inks
0%
inky
0%
into
0%
iota
0%
irks
0%
iron
0%
isle
0%
oars
0%
oath
0%
oats
0%
oboe
0%
odor
0%
ogre
0%
oils
0%
oily
0%
okay
0%
omit
0%
only
0%
onto
0%
onyx
0%
opal
0%
opts
0%
opus
0%
oral
0%
orgy
0%
ouch
0%
ours
0%
outs
0%
owed
0%
ower
0%
owes
0%
UFOs
0%
ulna
0%
undo
0%
unto
0%
urge
0%
URLs
0%
USBs
0%
user
0%
uses
0%
No matching quizzes found
Score Distribution
Percent of People with Each Score
Percentile by Number Answered
Your Score History
You have not taken this quiz